Diseño de presas pequeñas : una publicación técnica de recursos hidráulicos.

Guardado en:
Autor Corporativo: United States. Bureau of Reclamation.
Formato: Libro
Idioma:English
Publicado: México : Continental, 1967.
Etiquetas: Agregar Etiqueta
Sin Etiquetas, Sea el primero en etiquetar este registro!
LEADER 00465nam a22001335a 4500
001 EEA.libagro000192
008 130809s1967####mx#a##########000#0#eng#d
005 20200305131859.0
245 1 0 |a Diseño de presas pequeñas :  |b una publicación técnica de recursos hidráulicos. 
260 |a México :  |b Continental,  |c 1967. 
300 |a 639 p. :  |b il. ;  |c 29 cm. 
110 2 |a United States.  |b Bureau of Reclamation. 
082 0 4 |a 627.8 
859 |a AR-BbBCA  |b BIB. AGRONOMIA  |h 627.8  |i U58  |p 1968/0185